| 000 | 00538nam a2200145Ia 4500 | ||
|---|---|---|---|
| 008 | 100204s9999 xx 000 0 und d | ||
| 082 | _b12026 | ||
| 100 | _aमोहाडीकर लीना | ||
| 245 | _aकामविश्व संसारिकांचे | ||
| 260 |
_b"मेनका प्रकाशन , मुंबई" _c1986 |
||
| 300 | _a186 | ||
| 630 | _aकामविश्व संसारिकांचे | ||
| 730 | _aकामविश्व संसारिकांचे | ||
| 942 | _cBOOK | ||
| 999 |
_c456460 _d456457 |
||